000
00371cam a2200169ua 4500
020
_c
3.75
041
_a
mal
_h
082
_a
894.81280355
_b
JOS/AU
100
_a
Joseph, K.J .
245
_a
Australian diary
260
_a
Kottayam :
_b
National Book Stall ,
_c
1968.
300
_a
220 ; .
365
_a
3.75
504
_a
942
_c
BK
999
_c
4285
_d
4285